Smart bargaining : Doing business with the Japanese

Spremljeno u:
Bibliografski detalji
Glavni autor: Graham, John L.
Format: Knjiga
Jezik:Undetermined
Izdano: New York Cambridge 1984
Teme:
Oznake: Dodaj oznaku
Bez oznaka, Budi prvi tko označuje ovaj zapis!
Thư viện lưu trữ: Trung tâm Học liệu Trường Đại học Cần Thơ
LEADER 00523nam a2200193Ia 4500
001 CTU_79664
008 210402s9999 xx 000 0 und d
082 |a 658.4 
082 |b G741 
100 |a Graham, John L. 
245 0 |a Smart bargaining : 
245 0 |b Doing business with the Japanese 
245 0 |c John L. Graham, Yoshihiro Sano 
260 |a New York 
260 |b Cambridge 
260 |c 1984 
650 |a Commerce 
650 |z United States,Japan 
980 |a Trung tâm Học liệu Trường Đại học Cần Thơ